书目信息 |
| 题名: |
物理大师
|
|
| 作者: | 伽莫夫 著 ;金歌 译 | |
| 分册: | ||
| 出版信息: | 北京 团结出版社 2020 |
|
| 页数: | 373页 | |
| 开本: | 21cm | |
| 丛书名: | ||
| 单 册: | ||
| 中图分类: | K816.11 , K816.1 | |
| 科图分类: | ||
| 主题词: | 物理学家--生平事迹--世界 | |
| 电子资源: | ||
| ISBN: | 978-7-5126-7512-4 | |
| 000 | 01439nam0 2200289 450 | |
| 001 | 2049219332 | |
| 005 | 20201203134028.46 | |
| 010 | @a978-7-5126-7512-4@dCNY48.00 | |
| 100 | @a20200818d2020 em y0chiy50 ea | |
| 101 | 1 | @achi@ceng |
| 102 | @aCN@b110000 | |
| 105 | @aa az 000yy | |
| 200 | 1 | @a物理大师@9wu li da shi@b专著@dMen of physics@e从伽利略到爱因斯坦@f(美)乔治·伽莫夫著@g金歌译@zeng |
| 210 | @a北京@c团结出版社@d2020 | |
| 215 | @a373页@d21cm | |
| 314 | @a乔治·伽莫夫(George Gamow,1904-1968),1904年出生于俄国的敖德萨市,是美籍俄裔核物理学家、天文学家,也是杰出的科普学家。1928年至1932年,先后在丹麦哥本哈根大学和英国剑桥大学师从著名物理学家尼尔斯?玻尔和卢瑟福,从事研究工作。 | |
| 320 | @a有书目(第373页) | |
| 330 | @a本书主要为读者介绍20世纪物理学巨匠的故事以及他们的科研成果。全书共八章,每一章着重讲述一位或者两位伟大的物理学家。在介绍每一位物理学家的时候,作者为了描绘出更多的背景,还简单介绍了同时代的一些其他物理学家以及他们对物理学所作出的贡献。本书的目的在于让读者对什么是物理,以及物理学家都是一些什么样的人,有一个简单的认识,进而激发读者对物理探索的兴趣。 | |
| 510 | 1 | @aMen of physics@zeng |
| 517 | 1 | @a从伽利略到爱因斯坦@9cong ga li lue dao ai yin si tan |
| 606 | 0 | @a物理学家@x生平事迹@y世界 |
| 690 | @aK816.11@v5 | |
| 690 | @aK816.1@v4 | |
| 701 | 1 | @c(美)@a伽莫夫@9ga mo fu@c(Gamow, George@f1904-1968)@4著 |
| 702 | 0 | @a金歌@9jin ge@4译 |
| 801 | 2 | @aCN@b58marc.cn@c20201015 |
| 905 | @aZUCC@dK816.1@e29 | |
| 物理大师=Men of physics:从伽利略到爱因斯坦/(美)乔治·伽莫夫著/金歌译.-北京:团结出版社,2020 |
| 373页;21cm |
| ISBN 978-7-5126-7512-4:CNY48.00 |
| 本书主要为读者介绍20世纪物理学巨匠的故事以及他们的科研成果。全书共八章,每一章着重讲述一位或者两位伟大的物理学家。在介绍每一位物理学家的时候,作者为了描绘出更多的背景,还简单介绍了同时代的一些其他物理学家以及他们对物理学所作出的贡献。本书的目的在于让读者对什么是物理,以及物理学家都是一些什么样的人,有一个简单的认识,进而激发读者对物理探索的兴趣。 |
| ● |
| 相关链接 |
|
|
|
正题名:物理大师
索取号:K816.1/29
 
预约/预借
| 序号 | 登录号 | 条形码 | 馆藏地/架位号 | 状态 | 备注 |
| 1 | 2000875373 | 2000875373 | 第二书库/ [索取号:K816.1/29] | 在馆 | |
| 2 | 2000875374 | 2000875374 | 第二书库/ [索取号:K816.1/29] | 在馆 | |
| 3 | 2000875375 | 2000875375 | 第二书库/ [索取号:K816.1/29] | 在馆 |